[Event "45th FIDE Chess Olympiad Open"]
[Site "Budapest, Hungary"]
[Date "2024.09.19"]
[Round "8"]
[White "Vokhidov, Shamsiddin"]
[Black "Ivic, Velimir"]
[Result "1/2-1/2"]
[Board "12"]
[WhiteFideId "14204223"]
[BlackFideId "950122"]
[WhiteTitle "GM"]
[BlackTitle "GM"]
[WhiteElo "2650"]
[BlackElo "2599"]
[WhiteTeam "Uzbekistan"]
[BlackTeam "Serbia"]
[WhiteClock "0:19:21"]
[BlackClock "0:02:29"]
[Variant "Standard"]

1. e4 {[%clk 1:30:54]}  c5 {[%clk 1:30:41]} 2. Nf3 {[%clk 1:31:16]}  d6 {[%clk 1:30:57]} 3. d4 {[%clk 1:31:28]}  cxd4 {[%clk 1:31:20]} 4. Nxd4 {[%clk 1:31:51]}  Nf6 {[%clk 1:31:40]} 5. Nc3 {[%clk 1:32:07]}  a6 {[%clk 1:32:04]} 6. Bd3 {[%clk 1:32:05]}  e5 {[%clk 1:30:53]} 7. Nde2 {[%clk 1:32:24]}  Be7 {[%clk 1:30:31]} 8. O-O {[%clk 1:32:36]}  Be6 {[%clk 1:29:34]} 9. f4 {[%clk 1:29:44]}  exf4 {[%clk 1:29:44]} 10. Nxf4 {[%clk 1:30:09]}  Nc6 {[%clk 1:30:06]} 11. Be3 {[%clk 1:28:52]}  Ne5 {[%clk 1:29:52]} 12. a4 {[%clk 1:29:12]}  O-O {[%clk 1:30:03]} 13. Bd4 {[%clk 1:29:37]}  Nfd7 {[%clk 1:28:01]} 14. Ncd5 {[%clk 1:24:27]}  Bg5 {[%clk 1:27:17]} 15. a5 {[%clk 1:19:15]}  Nc5 {[%clk 1:21:28]} 16. h3 {[%clk 1:13:20]}  Rc8 {[%clk 1:13:33]} 17. b4 {[%clk 1:06:53]}  Ncxd3 {[%clk 1:06:21]} 18. cxd3 {[%clk 1:03:53]}  Bxf4 {[%clk 1:04:34]} 19. Nxf4 {[%clk 1:04:04]}  Qd7 {[%clk 1:00:36]} 20. Rb1 {[%clk 0:55:01]}  f5 {[%clk 0:52:33]} 21. b5 {[%clk 0:52:10]}  fxe4 {[%clk 0:45:30]} 22. bxa6 {[%clk 0:50:07]}  bxa6 {[%clk 0:44:30]} 23. dxe4 {[%clk 0:50:15]}  Nc6 {[%clk 0:37:07]} 24. Bc3 {[%clk 0:40:19]}  Bc4 {[%clk 0:28:14]} 25. Rf3 {[%clk 0:39:16]}  Rf7 {[%clk 0:27:45]} 26. Nh5 {[%clk 0:33:28]}  Rxf3 {[%clk 0:16:21]} 27. Qxf3 {[%clk 0:33:48]}  Ne5 {[%clk 0:16:27]} 28. Qg3 {[%clk 0:31:36]}  Qf7 {[%clk 0:14:35]} 29. Bxe5 {[%clk 0:29:03]}  dxe5 {[%clk 0:15:01]} 30. Qxe5 {[%clk 0:28:59]}  Re8 {[%clk 0:14:19]} 31. Qd4 {[%clk 0:24:50]}  Ba2 {[%clk 0:07:07]} 32. Rb2 {[%clk 0:23:33]}  Qxh5 {[%clk 0:07:28]} 33. Rxa2 {[%clk 0:23:59]}  Qe5 {[%clk 0:06:49]} 34. Qxe5 {[%clk 0:23:00]}  Rxe5 {[%clk 0:07:18]} 35. Ra4 {[%clk 0:23:24]}  Kf7 {[%clk 0:07:29]} 36. Kf2 {[%clk 0:23:49]}  Ke6 {[%clk 0:07:03]} 37. Ke3 {[%clk 0:23:37]}  Rb5 {[%clk 0:07:07]} 38. Kf4 {[%clk 0:20:52]}  Kf6 {[%clk 0:05:47]} 39. h4 {[%clk 0:20:56]}  h5 {[%clk 0:04:16]} 40. g3 {[%clk 0:20:43]}  g6 {[%clk 0:02:29]} 41. Ra3 {[%clk 0:19:21]} 1/2-1/2

[Event "45th FIDE Chess Olympiad Open"]
[Site "Budapest, Hungary"]
[Date "2024.09.19"]
[Round "8"]
[White "Bacrot, Etienne"]
[Black "So, Wesley"]
[Result "1/2-1/2"]
[Board "14"]
[WhiteFideId "605506"]
[BlackFideId "5202213"]
[WhiteTitle "GM"]
[BlackTitle "GM"]
[WhiteElo "2665"]
[BlackElo "2752"]
[WhiteTeam "France"]
[BlackTeam "United States of America"]
[WhiteClock "0:03:47"]
[BlackClock "0:51:59"]
[Variant "Standard"]

1. e4 {[%clk 1:30:57]}  e5 {[%clk 1:30:45]} 2. Nf3 {[%clk 1:31:19]}  Nc6 {[%clk 1:31:11]} 3. Bb5 {[%clk 1:31:44]}  Nf6 {[%clk 1:31:37]} 4. O-O {[%clk 1:32:08]}  Nxe4 {[%clk 1:32:03]} 5. Re1 {[%clk 1:32:32]}  Nd6 {[%clk 1:31:25]} 6. Nxe5 {[%clk 1:32:48]}  Be7 {[%clk 1:31:49]} 7. Bf1 {[%clk 1:33:02]}  Nxe5 {[%clk 1:31:26]} 8. Rxe5 {[%clk 1:33:25]}  O-O {[%clk 1:31:53]} 9. d4 {[%clk 1:32:21]}  Bf6 {[%clk 1:31:48]} 10. Re1 {[%clk 1:32:43]}  Re8 {[%clk 1:31:58]} 11. Bf4 {[%clk 1:33:02]}  Rxe1 {[%clk 1:31:53]} 12. Qxe1 {[%clk 1:33:26]}  Ne8 {[%clk 1:32:18]} 13. c3 {[%clk 1:33:35]}  d5 {[%clk 1:32:18]} 14. Bd3 {[%clk 1:33:28]}  g6 {[%clk 1:31:35]} 15. Nd2 {[%clk 1:33:29]}  Ng7 {[%clk 1:30:53]} 16. Nf3 {[%clk 1:33:40]}  Bf5 {[%clk 1:29:50]} 17. Bxf5 {[%clk 1:33:21]}  Nxf5 {[%clk 1:30:14]} 18. Qd2 {[%clk 1:33:38]}  c6 {[%clk 1:23:20]} 19. Re1 {[%clk 1:33:43]}  Ng7 {[%clk 1:18:59]} 20. Be5 {[%clk 1:31:27]}  Bxe5 {[%clk 1:18:14]} 21. Nxe5 {[%clk 1:31:35]}  f6 {[%clk 1:17:46]} 22. Nd3 {[%clk 1:30:33]}  Qc7 {[%clk 1:14:48]} 23. Qf4 {[%clk 1:26:40]}  Qxf4 {[%clk 1:14:40]} 24. Nxf4 {[%clk 1:27:04]}  g5 {[%clk 1:14:41]} 25. Nd3 {[%clk 1:27:29]}  Kf7 {[%clk 1:14:57]} 26. f3 {[%clk 1:27:42]}  Ne6 {[%clk 1:12:52]} 27. Kf2 {[%clk 1:27:35]}  a5 {[%clk 1:13:13]} 28. h4 {[%clk 1:27:05]}  Nf4 {[%clk 1:12:42]} 29. Nxf4 {[%clk 1:22:07]}  gxf4 {[%clk 1:12:17]} 30. g3 {[%clk 1:22:33]}  fxg3+ {[%clk 1:12:28]} 31. Kxg3 {[%clk 1:23:01]}  Rg8+ {[%clk 1:12:52]} 32. Kf2 {[%clk 1:23:26]}  a4 {[%clk 1:13:19]} 33. Re2 {[%clk 1:23:35]}  b6 {[%clk 1:12:49]} 34. b3 {[%clk 1:17:58]}  axb3 {[%clk 1:11:45]} 35. axb3 {[%clk 1:18:27]}  Ra8 {[%clk 1:11:55]} 36. Kg3 {[%clk 1:13:47]}  Ra3 {[%clk 1:09:29]} 37. Rb2 {[%clk 1:13:35]}  Ra1 {[%clk 1:09:40]} 38. Re2 {[%clk 1:10:19]}  Rc1 {[%clk 1:05:40]} 39. Re3 {[%clk 1:10:40]}  h5 {[%clk 1:05:37]} 40. b4 {[%clk 1:00:49]}  b5 {[%clk 1:03:41]} 41. Kf4 {[%clk 0:39:51]}  Kg6 {[%clk 1:04:02]} 42. Rd3 {[%clk 0:39:46]}  Rh1 {[%clk 1:04:17]} 43. Re3 {[%clk 0:39:56]}  Rxh4+ {[%clk 0:57:51]} 44. Kg3 {[%clk 0:39:34]}  Rh1 {[%clk 0:57:44]} 45. Re6 {[%clk 0:39:38]}  Kg5 {[%clk 0:57:41]} 46. Rxc6 {[%clk 0:39:59]}  h4+ {[%clk 0:58:06]} 47. Kg2 {[%clk 0:40:22]}  Rc1 {[%clk 0:58:30]} 48. Rc5 {[%clk 0:29:14]}  f5 {[%clk 0:56:01]} 49. Rxd5 {[%clk 0:27:00]}  Rc2+ {[%clk 0:56:18]} 50. Kh3 {[%clk 0:27:20]}  Rxc3 {[%clk 0:56:43]} 51. Rxb5 {[%clk 0:27:27]}  Rxf3+ {[%clk 0:57:08]} 52. Kg2 {[%clk 0:27:00]}  Kg4 {[%clk 0:56:59]} 53. Rb8 {[%clk 0:27:11]}  h3+ {[%clk 0:57:18]} 54. Kg1 {[%clk 0:26:54]}  Rg3+ {[%clk 0:57:22]} 55. Kh1 {[%clk 0:17:49]}  Rd3 {[%clk 0:56:46]} 56. b5 {[%clk 0:11:15]}  Rxd4 {[%clk 0:55:58]} 57. b6 {[%clk 0:11:32]}  Rd1+ {[%clk 0:56:13]} 58. Kh2 {[%clk 0:11:57]}  Rd2+ {[%clk 0:56:40]} 59. Kh1 {[%clk 0:07:34]}  Rb2 {[%clk 0:54:32]} 60. b7 {[%clk 0:07:27]}  Kf4 {[%clk 0:54:29]} 61. Kg1 {[%clk 0:07:36]}  Rg2+ {[%clk 0:52:15]} 62. Kf1 {[%clk 0:04:29]}  Rb2 {[%clk 0:51:30]} 63. Rh8 {[%clk 0:02:58]}  Rxb7 {[%clk 0:51:40]} 64. Rxh3 {[%clk 0:03:23]}  Rb1+ {[%clk 0:52:05]} 65. Kf2 {[%clk 0:03:47]}  Rb2+ {[%clk 0:51:59]} 1/2-1/2

[Event "45th FIDE Chess Olympiad Open"]
[Site "Budapest, Hungary"]
[Date "2024.09.19"]
[Round "8"]
[White "Dominguez Perez, Leinier"]
[Black "Maurizzi, Marc`Andria"]
[Result "1/2-1/2"]
[Board "15"]
[WhiteFideId "3503240"]
[BlackFideId "36083534"]
[WhiteTitle "GM"]
[BlackTitle "GM"]
[WhiteElo "2748"]
[BlackElo "2595"]
[WhiteTeam "United States of America"]
[BlackTeam "France"]
[WhiteClock "0:17:12"]
[BlackClock "0:44:27"]
[Variant "Standard"]

1. e4 {[%clk 1:30:56]}  e5 {[%clk 1:30:29]} 2. Nf3 {[%clk 1:31:19]}  Nc6 {[%clk 1:29:37]} 3. Bc4 {[%clk 1:31:10]}  Nf6 {[%clk 1:29:21]} 4. d3 {[%clk 1:31:33]}  d5 {[%clk 1:29:16]} 5. exd5 {[%clk 1:31:38]}  Nxd5 {[%clk 1:29:41]} 6. O-O {[%clk 1:29:30]}  Be7 {[%clk 1:27:15]} 7. Re1 {[%clk 1:29:46]}  f6 {[%clk 1:27:40]} 8. c3 {[%clk 1:30:10]}  Bg4 {[%clk 1:26:02]} 9. h3 {[%clk 1:30:25]}  Bh5 {[%clk 1:26:28]} 10. a4 {[%clk 1:30:44]}  a6 {[%clk 1:24:47]} 11. Nbd2 {[%clk 1:29:04]}  O-O {[%clk 1:20:35]} 12. Ne4 {[%clk 1:26:37]}  Bf7 {[%clk 1:20:49]} 13. b4 {[%clk 1:24:37]}  Kh8 {[%clk 1:18:45]} 14. Bd2 {[%clk 1:24:01]}  Qd7 {[%clk 1:16:53]} 15. a5 {[%clk 1:14:46]}  Nd8 {[%clk 1:15:04]} 16. Qb3 {[%clk 0:47:01]}  b5 {[%clk 1:07:58]} 17. axb6 {[%clk 0:47:23]}  cxb6 {[%clk 1:08:24]} 18. Qa4 {[%clk 0:42:38]}  Nc6 {[%clk 1:02:15]} 19. b5 {[%clk 0:43:03]}  axb5 {[%clk 1:02:02]} 20. Qxb5 {[%clk 0:43:26]}  Rab8 {[%clk 0:56:47]} 21. Qa4 {[%clk 0:41:49]}  Nc7 {[%clk 0:49:28]} 22. Bxf7 {[%clk 0:41:31]}  Rxf7 {[%clk 0:49:55]} 23. Rad1 {[%clk 0:28:19]}  b5 {[%clk 0:49:02]} 24. Qc2 {[%clk 0:25:59]}  b4 {[%clk 0:48:04]} 25. cxb4 {[%clk 0:24:46]}  Bxb4 {[%clk 0:46:50]} 26. d4 {[%clk 0:23:16]}  exd4 {[%clk 0:45:09]} 27. Bxb4 {[%clk 0:21:00]}  Nxb4 {[%clk 0:45:35]} 28. Qc4 {[%clk 0:20:24]}  Qd5 {[%clk 0:42:51]} 29. Rxd4 {[%clk 0:18:35]}  Qxc4 {[%clk 0:43:16]} 30. Rxc4 {[%clk 0:18:59]}  Nbd5 {[%clk 0:43:30]} 31. Rd1 {[%clk 0:17:27]}  Re7 {[%clk 0:40:35]} 32. Nc5 {[%clk 0:15:41]}  Rbe8 {[%clk 0:40:02]} 33. Nd3 {[%clk 0:13:59]}  Re4 {[%clk 0:38:29]} 34. Rc5 {[%clk 0:12:57]}  R4e7 {[%clk 0:37:21]} 35. Rb1 {[%clk 0:10:43]}  Kg8 {[%clk 0:36:16]} 36. Nd4 {[%clk 0:10:06]}  Rd7 {[%clk 0:31:11]} 37. Rb7 {[%clk 0:09:23]}  Ree7 {[%clk 0:31:35]} 38. Nf5 {[%clk 0:05:56]}  Rf7 {[%clk 0:31:32]} 39. Rb8+ {[%clk 0:03:10]}  Rf8 {[%clk 0:31:59]} 40. Rb7 {[%clk 0:03:30]}  Rff7 {[%clk 0:32:23]} 41. Kh2 {[%clk 0:25:37]}  Ne7 {[%clk 0:46:39]} 42. Rcxc7 {[%clk 0:23:14]}  Rxc7 {[%clk 0:46:36]} 43. Nh6+ {[%clk 0:23:38]}  gxh6 {[%clk 0:47:02]} 44. Rxc7 {[%clk 0:24:04]}  Ng6 {[%clk 0:46:56]} 45. Rc6 {[%clk 0:22:13]}  Kg7 {[%clk 0:46:12]} 46. Nc5 {[%clk 0:20:38]}  Re7 {[%clk 0:45:43]} 47. Ne6+ {[%clk 0:20:32]}  Kf7 {[%clk 0:46:07]} 48. Nd4 {[%clk 0:20:56]}  Rd7 {[%clk 0:45:26]} 49. Rc4 {[%clk 0:19:57]}  Ne5 {[%clk 0:44:19]} 50. Ra4 {[%clk 0:20:20]}  Nd3 {[%clk 0:44:09]} 51. f3 {[%clk 0:16:47]}  Nb2 {[%clk 0:44:27]} 52. Rb4 {[%clk 0:17:12]} 1/2-1/2

[Event "45th FIDE Chess Olympiad Open"]
[Site "Budapest, Hungary"]
[Date "2024.09.19"]
[Round "8"]
[White "Lagarde, Maxime"]
[Black "Aronian, Levon"]
[Result "0-1"]
[Board "16"]
[WhiteFideId "662399"]
[BlackFideId "13300474"]
[WhiteTitle "GM"]
[BlackTitle "GM"]
[WhiteElo "2598"]
[BlackElo "2729"]
[WhiteTeam "France"]
[BlackTeam "United States of America"]
[WhiteClock "0:18:31"]
[BlackClock "0:34:28"]
[Variant "Standard"]

1. e4 {[%clk 1:30:58]}  e6 {[%clk 1:30:54]} 2. d4 {[%clk 1:30:47]}  d5 {[%clk 1:31:18]} 3. Nc3 {[%clk 1:30:52]}  Nf6 {[%clk 1:31:42]} 4. Bg5 {[%clk 1:31:06]}  dxe4 {[%clk 1:30:48]} 5. Nxe4 {[%clk 1:31:31]}  Be7 {[%clk 1:31:12]} 6. Bxf6 {[%clk 1:30:43]}  gxf6 {[%clk 1:31:18]} 7. Nc3 {[%clk 1:31:04]}  Nc6 {[%clk 1:25:58]} 8. Nge2 {[%clk 1:26:30]}  a6 {[%clk 1:20:55]} 9. g3 {[%clk 1:23:07]}  e5 {[%clk 1:19:48]} 10. d5 {[%clk 1:20:03]}  Na7 {[%clk 1:19:18]} 11. Qd3 {[%clk 1:16:54]}  Qd6 {[%clk 1:16:22]} 12. O-O-O {[%clk 1:12:14]}  f5 {[%clk 1:15:31]} 13. h4 {[%clk 1:06:48]}  Bd7 {[%clk 1:09:00]} 14. Bh3 {[%clk 1:06:15]}  e4 {[%clk 1:08:30]} 15. Qe3 {[%clk 1:04:03]}  Nb5 {[%clk 1:06:46]} 16. f3 {[%clk 0:54:14]}  Nxc3 {[%clk 1:06:15]} 17. Nxc3 {[%clk 0:54:09]}  Rg8 {[%clk 1:06:40]} 18. fxe4 {[%clk 0:47:14]}  Rxg3 {[%clk 1:06:42]} 19. Qd4 {[%clk 0:47:11]}  Bf6 {[%clk 1:01:42]} 20. e5 {[%clk 0:44:29]}  Bxe5 {[%clk 1:01:31]} 21. Rde1 {[%clk 0:44:01]}  f6 {[%clk 1:01:53]} 22. Qf2 {[%clk 0:43:59]}  Rxc3 {[%clk 0:50:06]} 23. bxc3 {[%clk 0:41:59]}  O-O-O {[%clk 0:46:51]} 24. Bxf5 {[%clk 0:40:24]}  Qa3+ {[%clk 0:44:37]} 25. Kd1 {[%clk 0:40:35]}  Qxa2 {[%clk 0:41:05]} 26. Rh3 {[%clk 0:40:24]}  Bxf5 {[%clk 0:41:08]} 27. Qxf5+ {[%clk 0:40:50]}  Kb8 {[%clk 0:41:34]} 28. Rd3 {[%clk 0:37:38]}  Bxc3 {[%clk 0:41:43]} 29. Rf1 {[%clk 0:31:43]}  Qb1+ {[%clk 0:39:15]} 30. Ke2 {[%clk 0:32:08]}  Qxc2+ {[%clk 0:39:40]} 31. Kf3 {[%clk 0:32:26]}  Rg8 {[%clk 0:38:56]} 32. Rf2 {[%clk 0:31:31]}  Qb1 {[%clk 0:35:18]} 33. Qxh7 {[%clk 0:28:56]}  Qh1+ {[%clk 0:34:29]} 34. Kf4 {[%clk 0:28:47]}  Be5+ {[%clk 0:34:53]} 35. Kf5 {[%clk 0:29:10]}  Qg1 {[%clk 0:35:19]} 36. Ke6 {[%clk 0:28:32]}  Qg4+ {[%clk 0:35:43]} 37. Rf5 {[%clk 0:27:29]}  Bd6 {[%clk 0:35:39]} 38. Rdf3 {[%clk 0:18:07]}  Re8+ {[%clk 0:34:08]} 39. Kxf6 {[%clk 0:18:31]}  Rf8+ {[%clk 0:34:28]} 0-1

[Event "45th FIDE Chess Olympiad Open"]
[Site "Budapest, Hungary"]
[Date "2024.09.19"]
[Round "8"]
[White "Bu, Xiangzhi"]
[Black "Lupulescu, Constantin"]
[Result "1/2-1/2"]
[Board "19"]
[WhiteFideId "8601445"]
[BlackFideId "1207822"]
[WhiteTitle "GM"]
[BlackTitle "GM"]
[WhiteElo "2693"]
[BlackElo "2590"]
[WhiteTeam "China"]
[BlackTeam "Romania"]
[WhiteClock "0:00:46"]
[BlackClock "0:01:24"]
[Variant "Standard"]

1. Nf3 {[%clk 1:30:56]}  c5 {[%clk 1:30:55]} 2. c4 {[%clk 1:31:15]}  Nc6 {[%clk 1:30:38]} 3. Nc3 {[%clk 1:31:07]}  Nf6 {[%clk 1:31:03]} 4. e3 {[%clk 1:28:51]}  e6 {[%clk 1:30:01]} 5. d4 {[%clk 1:28:51]}  d5 {[%clk 1:30:22]} 6. a3 {[%clk 1:25:07]}  a6 {[%clk 1:26:33]} 7. dxc5 {[%clk 1:23:49]}  Bxc5 {[%clk 1:26:28]} 8. b4 {[%clk 1:24:14]}  Ba7 {[%clk 1:23:24]} 9. Bb2 {[%clk 1:23:27]}  O-O {[%clk 1:19:41]} 10. h3 {[%clk 1:22:47]}  Qe7 {[%clk 1:04:57]} 11. cxd5 {[%clk 1:13:22]}  Rd8 {[%clk 1:03:50]} 12. Bd3 {[%clk 1:13:39]}  exd5 {[%clk 1:01:48]} 13. Ne2 {[%clk 1:09:22]}  Ne4 {[%clk 0:59:35]} 14. O-O {[%clk 1:08:23]}  Bf5 {[%clk 0:57:38]} 15. Ned4 {[%clk 0:56:25]}  Nxd4 {[%clk 0:56:22]} 16. Nxd4 {[%clk 0:52:40]}  Bg6 {[%clk 0:55:54]} 17. Rc1 {[%clk 0:51:41]}  Nd6 {[%clk 0:52:19]} 18. Qb3 {[%clk 0:48:41]}  Bxd4 {[%clk 0:41:44]} 19. Bxd4 {[%clk 0:48:45]}  Bxd3 {[%clk 0:41:51]} 20. Qxd3 {[%clk 0:49:09]}  Nc4 {[%clk 0:42:10]} 21. Rfe1 {[%clk 0:33:48]}  b5 {[%clk 0:35:47]} 22. e4 {[%clk 0:33:12]}  dxe4 {[%clk 0:25:23]} 23. Rxe4 {[%clk 0:33:24]}  Qg5 {[%clk 0:25:14]} 24. Rce1 {[%clk 0:32:47]}  h5 {[%clk 0:24:50]} 25. f4 {[%clk 0:22:49]}  Qh6 {[%clk 0:19:20]} 26. f5 {[%clk 0:22:07]}  Nd2 {[%clk 0:13:18]} 27. R4e2 {[%clk 0:10:05]}  Nb3 {[%clk 0:13:38]} 28. Bxg7 {[%clk 0:09:23]}  Qb6+ {[%clk 0:11:25]} 29. Qe3 {[%clk 0:09:50]}  Qxe3+ {[%clk 0:11:49]} 30. Rxe3 {[%clk 0:10:19]}  Kxg7 {[%clk 0:12:12]} 31. f6+ {[%clk 0:10:46]}  Kxf6 {[%clk 0:11:22]} 32. Rf1+ {[%clk 0:10:56]}  Kg7 {[%clk 0:11:20]} 33. Rg3+ {[%clk 0:11:22]}  Kf8 {[%clk 0:11:06]} 34. Rxb3 {[%clk 0:11:48]}  Rd5 {[%clk 0:07:05]} 35. Rbf3 {[%clk 0:10:34]}  Ra7 {[%clk 0:07:29]} 36. Rf5 {[%clk 0:10:40]}  Rd3 {[%clk 0:05:57]} 37. R1f3 {[%clk 0:02:43]}  Rxf3 {[%clk 0:06:03]} 38. Rxf3 {[%clk 0:03:03]}  Kg7 {[%clk 0:05:27]} 39. Rc3 {[%clk 0:02:57]}  Rd7 {[%clk 0:03:22]} 40. Rc6 {[%clk 0:02:57]}  Rd3 {[%clk 0:01:09]} 41. Rxa6 {[%clk 0:03:21]}  f6 {[%clk 0:22:04]} 42. Ra5 {[%clk 0:32:05]}  Kg6 {[%clk 0:22:17]} 43. h4 {[%clk 0:30:06]}  Rc3 {[%clk 0:13:30]} 44. Kf2 {[%clk 0:28:07]}  Rb3 {[%clk 0:13:51]} 45. Rxb5 {[%clk 0:22:38]}  Rxa3 {[%clk 0:14:16]} 46. Rd5 {[%clk 0:06:17]}  Ra4 {[%clk 0:11:55]} 47. Rd4 {[%clk 0:06:30]}  Ra2+ {[%clk 0:10:54]} 48. Kf3 {[%clk 0:06:50]}  Rb2 {[%clk 0:10:25]} 49. Ke4 {[%clk 0:03:04]}  Rxg2 {[%clk 0:10:15]} 50. Kd5 {[%clk 0:03:21]}  Kf5 {[%clk 0:02:19]} 51. b5 {[%clk 0:03:48]}  Rb2 {[%clk 0:02:23]} 52. Kc6 {[%clk 0:02:20]}  Rc2+ {[%clk 0:01:57]} 53. Kd6 {[%clk 0:01:51]}  Rb2 {[%clk 0:02:07]} 54. Kc5 {[%clk 0:00:38]}  Ke5 {[%clk 0:01:36]} 55. Rd5 {[%clk 0:00:53]}  Ke4 {[%clk 0:01:14]} 56. Rxh5 {[%clk 0:01:19]}  f5 {[%clk 0:01:36]} 57. Rh8 {[%clk 0:01:33]}  Rc2+ {[%clk 0:01:40]} 58. Kb4 {[%clk 0:01:28]}  Rb2+ {[%clk 0:01:56]} 59. Kc4 {[%clk 0:01:11]}  f4 {[%clk 0:02:08]} 60. h5 {[%clk 0:01:36]}  f3 {[%clk 0:01:43]} 61. h6 {[%clk 0:01:39]}  Rc2+ {[%clk 0:01:47]} 62. Kb4 {[%clk 0:01:21]}  Rh2 {[%clk 0:01:41]} 63. Re8 {[%clk 0:00:39]}  Kd3 {[%clk 0:01:19]} 64. Rf8 {[%clk 0:00:42]}  Ke2 {[%clk 0:00:44]} 65. Re8+ {[%clk 0:00:45]}  Kd3 {[%clk 0:01:00]} 66. Rf8 {[%clk 0:00:52]}  Ke2 {[%clk 0:01:24]} 67. Re8+ {[%clk 0:00:46]} 1/2-1/2

[Event "45th FIDE Chess Olympiad Open"]
[Site "Budapest, Hungary"]
[Date "2024.09.19"]
[Round "8"]
[White "Le, Quang Liem"]
[Black "Carlsen, Magnus"]
[Result "0-1"]
[Board "21"]
[WhiteFideId "12401137"]
[BlackFideId "1503014"]
[WhiteTitle "GM"]
[BlackTitle "GM"]
[WhiteElo "2741"]
[BlackElo "2832"]
[WhiteTeam "Vietnam"]
[BlackTeam "Norway"]
[WhiteClock "0:08:59"]
[BlackClock "0:11:29"]
[Variant "Standard"]

1. d4 {[%clk 1:30:56]}  Nf6 {[%clk 1:29:16]} 2. c4 {[%clk 1:31:10]}  e6 {[%clk 1:29:28]} 3. Nf3 {[%clk 1:31:30]}  d5 {[%clk 1:29:32]} 4. Nc3 {[%clk 1:31:49]}  c6 {[%clk 1:27:03]} 5. Bg5 {[%clk 1:32:03]}  Nbd7 {[%clk 1:26:36]} 6. e3 {[%clk 1:32:21]}  h6 {[%clk 1:26:40]} 7. Bh4 {[%clk 1:32:42]}  Be7 {[%clk 1:25:27]} 8. Rc1 {[%clk 1:31:17]}  O-O {[%clk 1:22:55]} 9. a3 {[%clk 1:27:08]}  a6 {[%clk 1:17:03]} 10. cxd5 {[%clk 1:22:49]}  exd5 {[%clk 1:16:38]} 11. Qc2 {[%clk 1:16:05]}  Ne8 {[%clk 1:06:55]} 12. Bg3 {[%clk 1:14:15]}  Bd6 {[%clk 1:02:59]} 13. Bd3 {[%clk 1:14:23]}  Bxg3 {[%clk 1:03:07]} 14. hxg3 {[%clk 1:14:45]}  Ndf6 {[%clk 1:03:28]} 15. Ne5 {[%clk 1:11:29]}  Nd6 {[%clk 1:02:46]} 16. f3 {[%clk 1:06:28]}  Re8 {[%clk 0:59:34]} 17. Ne2 {[%clk 1:06:28]}  Nd7 {[%clk 0:58:36]} 18. Rh5 {[%clk 1:04:41]}  f6 {[%clk 0:46:22]} 19. Nxd7 {[%clk 0:47:59]}  Bxd7 {[%clk 0:46:50]} 20. Kf2 {[%clk 0:47:34]}  f5 {[%clk 0:45:56]} 21. Re1 {[%clk 0:42:23]}  Rxe3 {[%clk 0:38:48]} 22. Kxe3 {[%clk 0:38:01]}  Qe8+ {[%clk 0:39:16]} 23. Kf2 {[%clk 0:38:18]}  Qxh5 {[%clk 0:39:42]} 24. Qc5 {[%clk 0:38:39]}  Qg6 {[%clk 0:39:59]} 25. Qb6 {[%clk 0:38:00]}  Qf6 {[%clk 0:34:18]} 26. Qc7 {[%clk 0:38:14]}  Be8 {[%clk 0:28:21]} 27. Nf4 {[%clk 0:34:05]}  Rc8 {[%clk 0:27:17]} 28. Qxc8 {[%clk 0:31:07]}  Nxc8 {[%clk 0:20:25]} 29. Rxe8+ {[%clk 0:31:29]}  Kf7 {[%clk 0:20:45]} 30. Rxc8 {[%clk 0:31:51]}  Qxd4+ {[%clk 0:21:04]} 31. Kf1 {[%clk 0:32:05]}  g5 {[%clk 0:19:59]} 32. Rf8+ {[%clk 0:31:41]}  Ke7 {[%clk 0:20:27]} 33. Ng6+ {[%clk 0:32:00]}  Kd6 {[%clk 0:20:56]} 34. Bxf5 {[%clk 0:32:17]}  Qxb2 {[%clk 0:21:18]} 35. f4 {[%clk 0:29:56]}  Qxa3 {[%clk 0:21:29]} 36. Kf2 {[%clk 0:29:36]}  a5 {[%clk 0:20:42]} 37. Ne5 {[%clk 0:29:04]}  a4 {[%clk 0:14:40]} 38. Rf7 {[%clk 0:25:07]}  Qb2+ {[%clk 0:14:21]} 39. Kf1 {[%clk 0:23:03]}  Qb5+ {[%clk 0:11:12]} 40. Bd3 {[%clk 0:22:01]}  Qb3 {[%clk 0:11:09]} 41. Bf5 {[%clk 0:08:45]}  a3 {[%clk 0:10:42]} 42. Nd3 {[%clk 0:08:52]}  Qxd3+ {[%clk 0:10:27]} 43. Bxd3 {[%clk 0:09:14]}  a2 {[%clk 0:10:54]} 44. Rxb7 {[%clk 0:08:52]}  a1=Q+ {[%clk 0:11:16]} 45. Ke2 {[%clk 0:08:59]}  Qg1 {[%clk 0:11:29]} 0-1